| 000 | 00879nam a22002297a 4500 | ||
|---|---|---|---|
| 999 |
_c17918 _d17918 |
||
| 003 | AR-CdUCM | ||
| 008 | 190510b ||||| |||| 00| 0 spa d | ||
| 040 |
_aMUNICIPALIDAD PROVINCIAL DEL CUSCO _cBIBLIOTECA MUNICIPAL DEL CUSCO |
||
| 082 |
_23ed. _a711 / _bB23 |
||
| 100 |
_aBardet, Gaston _938165 |
||
| 245 | _aEl urbanismo / | ||
| 260 |
_aBuenos Aires : _bEudeba, _c1967. |
||
| 300 |
_a78 páginas ; _bIlustraciones, _c25.5 cm. |
||
| 440 |
_aCuaderno de EUDEBA ; _n11 _938166 |
||
| 505 | _aContenido: Del arte urbano al urbanismo -- Del urbanismo al planeamiento del espacio -- Los grandes problemas del urbanismo -- Las cinco fases del establecimiento de un planeamiento... | ||
| 650 |
_aUrbanismo _94748 |
||
| 650 |
_aCiudad _915909 |
||
| 650 |
_aArte urbano _938167 |
||
| 700 |
_aPedreira, Luis Diego (traductor) _938168 |
||
| 942 |
_2ddc _cLIBROS |
||
| 945 |
_aacv _d2019-05-10 |
||